| 000 | 00926cab a2200253 4500 | ||
|---|---|---|---|
| 001 | WB2831-09 | ||
| 008 | 090401t1992 xxu||||| |||| 00| 0 eng d | ||
| 035 | _a(Sirsi) u72947 | ||
| 041 | _aeng | ||
| 245 | _aRentokil test case | ||
| 260 | _c1992 | ||
| 350 | _a0 | ||
| 490 |
_aObserver _v2 August 1992, 4(1) |
||
| 520 | _aParents of a boy, who developed a bone marrow disease after the family home was treated with the insecticide, lindane, are suing Rentokil, who, they claim did not warn them to leave the home while it was being sprayed. Rentokil has recently paid out compensation out of court in similar cases but this would be the first test in court. | ||
| 650 | _aHEALTH HAZARDS | ||
| 650 | _aINSECTICIDES | ||
| 650 | _aLINDANE | ||
| 650 | _aRENTOKIL | ||
| 650 | _aTIMBER TREATMENT | ||
| 650 | _aTOXIC SUBSTANCES | ||
| 690 | _aBUILT ENVIRONMENT-BUILDING STANDARDS | ||
| 942 | _n0 | ||
| 948 | _c04/03/1997 | ||
| 999 |
_c46112 _d46112 |
||